|
|
|
|
| LEADER |
01556nam a2200313 a 4500 |
| 001 |
GR-Patra30904 |
| 008 |
120110s2011 gr g b 001 b eng d |
| 020 |
|
|
|a 9782940411351
|
| 082 |
|
0 |
|a 741.6
|2 22
|
| 100 |
1 |
|
|a Ambrose, Gavin
|
| 245 |
1 |
0 |
|a Approach and language /
|c Gavin Ambrose, Nigel Aono-Billson.
|
| 260 |
|
|
|a Lausanne :
|b AVA Academia,
|c c2011
|
| 300 |
|
|
|a 199 σ. :
|b εικ.
|
| 490 |
1 |
|
|a Basics graphic design ;
|v 1
|
| 500 |
|
|
|a Το αντίτυπο με αρ.εισαγωγής 51126 βρίσκεται στη Βιβλιοθήκη του Παραρτήματος Πύργου του Τμήματος Πληροφορικής και ΜΜΕ.
|
| 504 |
|
|
|a Περιλαμβάνει βιβλιογραφικές παραπομπές (σ. 188-189) και ευρετήριο.
|
| 650 |
|
0 |
|a Graphic artists
|
| 650 |
|
0 |
|a GRAPHIC ARTS
|
| 650 |
|
0 |
|a GRAPHIC ARTS
|
| 650 |
|
4 |
|a Γραφικές τέχνες
|
| 700 |
1 |
|
|a Aono-Billson, Nigel
|
| 710 |
0 |
|
|a AVA Academia
|
| 710 |
2 |
|
|a Safari Books Online (Firm)
|
| 830 |
|
0 |
|1 00130905
|1 2001
|a Basics graphic design ;
|v 1.
|
| 942 |
|
|
|2 ddc
|
| 952 |
|
|
|0 0
|1 0
|2 ddc
|4 0
|6 741_600000000000000_AMB
|7 0
|9 313349
|a LISK
|b LISK
|c BSC
|d 2021-01-17
|e 24
|f 0
|g 0.00
|l 0
|o 741.6 AMB
|p 92410051126
|r 2021-01-17 00:00:00
|t 1
|w 2021-01-17
|y BK15
|x 20120425 0 1
|x GrPaTEI
|
| 952 |
|
|
|0 0
|1 0
|2 ddc
|4 0
|6 741_600000000000000_AMB
|7 1
|9 313350
|a LISK
|b LISK
|c BSC
|d 2021-01-17
|e 24
|f 0
|g 0.00
|l 0
|o 741.6 AMB
|p 92410051125
|r 2021-01-17 00:00:00
|t 1
|w 2021-01-17
|y BKN
|x 20120425 0 0
|x GrPaTEI
|
| 971 |
|
|
|a .b26784762
|b 15-04-20
|c 26-09-16
|
| 999 |
|
|
|c 179302
|d 179302
|